JOHN GALSWORTHY (Record no. 95252)

MARC details
000 -LEADER
fixed length control field 00417nam a2200181Ia 4500
008 - FIXED-LENGTH DATA ELEMENTS--GENERAL INFORMATION
fixed length control field 090124s9999 xx 000 0 und d
082 ## - DEWEY DECIMAL CLASSIFICATION NUMBER
Item number 28076
100 ## - MAIN ENTRY--PERSONAL NAME
Personal name JOHN GALSWORTHY
245 ## - TITLE STATEMENT
Title JOHN GALSWORTHY
250 ## - EDITION STATEMENT
Edition statement 0
260 ## - PUBLICATION, DISTRIBUTION, ETC. (IMPRINT)
Name of publisher, distributor, etc HEINEMANN
Date of publication, distribution, etc 1976
300 ## - PHYSICAL DESCRIPTION
Extent 1052
600 ## - SUBJECT ADDED ENTRY--PERSONAL NAME
Personal name JOHN GALSWORTHY
630 ## - SUBJECT ADDED ENTRY--UNIFORM TITLE
Uniform title JOHN GALSWORTHY
700 ## - ADDED ENTRY--PERSONAL NAME
Personal name JOHN GALSWORTHY
730 ## - ADDED ENTRY--UNIFORM TITLE
Uniform title JOHN GALSWORTHY
942 ## - ADDED ENTRY ELEMENTS (KOHA)
Koha item type Book
Holdings
Withdrawn status Lost status Damaged status Not for loan Home library Current library Date acquired Cost, normal purchase price Total Checkouts Full call number Barcode Date last seen Cost, replacement price Price effective from Koha item type
        Nagar Wachan Mandir, Thane Nagar Wachan Mandir, Thane   100.00   28076 THNNWM-28076 01/24/2009 100.00 01/24/2009 Book